Jeux olympiques d'hiver Chamonix 1924 - Tableau des médailles - Statistiques

Statistiques générales
  • Ce quiz a été pris 272 fois
  • Le résultat moyen est 8 sur 10
Statistiques - réponses
Total Pays % Correct
0 0 3 3 France
99%
1 2 1 4 États-Unis
96%
4 7 6 17 Norvège
93%
1 1 0 2 Suède
91%
4 4 3 11 Finlande
88%
1 0 0 1 Canada
86%
2 0 1 3 Suisse
83%
2 1 0 3 Autriche
74%
1 1 2 4 Grande-Bretagne
63%
0 0 1 1 Belgique
49%
Aucun quiz correspondant
Distribution des résultats
% des personnes avec chaque résultat
Percentile par nombre de réponses
Votre historique - résultats
Vous n’avez pas pris ce quiz